| 000 | 00638cam a22001934a 4500 | ||
|---|---|---|---|
| 020 | _a0130124680 | ||
| 082 | 0 | 0 |
_a004 _bMAN _cNUST-01 , 83 |
| 100 | 1 |
_aMano, M. Morris, _936506 |
|
| 245 | 1 | 0 |
_aLogic and computer design fundamentals / _cM. Morris Mano, Charles R. Kime. |
| 250 | _a2nd ed. | ||
| 260 |
_aUpper Saddle River, NJ : _bPrentice Hall, _cc2000. |
||
| 300 |
_axvi, 652 p. : _bcol. ill. ; _c24 cm. + |
||
| 526 |
_a0 _b0 _c0 _d004_000000000000000_MAN |
||
| 650 | 0 |
_aElectronic digital computers _xCircuits. _936507 |
|
| 650 | 0 |
_aLogic circuits. _917982 |
|
| 650 | 0 |
_aNUST _96342 |
|
| 700 | 1 |
_aKime, Charles R. _936508 |
|
| 942 |
_2ddc _cBK |
||
| 999 |
_c541546 _d541546 |
||